Т. 1; Методы программирования: в 2 т.

Dades bibliogràfiques
Parent link:Методы программирования: в 2 т.: пер. с франц./ Б. Мейер, К. Бодуэн. Т. 1.— , 1982
Idioma:rus
Publicat: 1982
Matèries:
Format: MixedMaterials Llibre
KOHA link:https://koha.lib.tpu.ru/cgi-bin/koha/opac-detail.pl?biblionumber=74584

MARC

LEADER 00000nam2a2200000 4500
001 74584
005 20231031085506.0
035 |a (RuTPU)RU\TPU\book\79549 
090 |a 74584 
100 |a 20050309d1982 km y0rusy50 ca 
101 1 |a rus  |c fre 
102 |a RU 
105 |a a z 000zy 
200 0 |a Т. 1  
210 |d 1982 
215 |a 356 с.  |c ил. 
320 |a Библиография в конце глав. 
461 1 |0 (RuTPU)RU\TPU\book\79548  |t Методы программирования: в 2 т.  |o пер. с франц.  |f Б. Мейер, К. Бодуэн  |v Т. 1  |d 1982 
610 1 |a цифровые вычислительные машины 
610 1 |a программирование 
610 1 |a Фортран 
610 1 |a АЛГОЛ W 
610 1 |a ПЛ/1 
610 1 |a управляющие структуры 
610 1 |a подпрограммы 
610 1 |a структуры данных 
675 |a 681.3.06  |v 3 
801 1 |a RU  |b 63413507  |c 20050309  |g PSBO 
801 2 |a RU  |b 63413507  |c 20160712  |g PSBO 
900 |a Структуры и алгоритмы обработки данных 
942 |c BK